Practice behaviors workbook : understanding human behavior and the social environment : ninth edition (Record no. 2548)
[ view plain ]
| 000 -LEADER | |
|---|---|
| fixed length control field | 01583nam a22002297a 4500 |
| 020 ## - INTERNATIONAL STANDARD BOOK NUMBER | |
| ISBN | 1133354246 |
| 022 ## - INTERNATIONAL STANDARD SERIAL NUMBER | |
| ISSN | 9781133354246 |
| 050 ## - CALL NUMBER | |
| Classification number | HM1033 |
| Item number | .Za5 |
| 100 ## - AUTHOR | |
| Personal name | Vicki Vogel |
| 245 ## - TITLE | |
| Title | Practice behaviors workbook : understanding human behavior and the social environment : ninth edition |
| Statement of responsibility, etc | Vicki Vogel; Charles Zastrow; Karen Kay Kirst-Ashman |
| 260 ## - PUBLICATION INFORMATION | |
| Place of publication | Belmont, CA : |
| Name of publisher | Brooks/Cole, Cengage Learning, |
| Year of publication | ©2013. |
| 300 ## - DESCRIPTION | |
| Number of Pages | vi,170p. |
| Other physical details | ill. |
| Dimensions | 28cm. |
| 440 ## - SERIES | |
| SERIES | Brooks/Cole empowerment series. |
| 500 ## - NOTES | |
| General note | <br/> |
| 505 ## - FORMATTED CONTENTS NOTE | |
| Table of Content | Introduction to human behavior and the social environment --<br/>Part I. Infancy and childhood --<br/>Biological development in infancy and childhood --<br/>Psychological development in infancy and childhood --<br/>Social development in infancy and childhood --<br/>Ethnocentrism and racism --<br/>Part II. Adolescence --<br/>Biological development in adolescence --<br/>Psychological development in adolescence --<br/>Gender, gender identity, gender expression, and sexism --<br/>Part III. Young and middle adulthood --<br/>Biological aspects of young and middle adulthood --<br/>Psychological aspects of young and middle adulthood --<br/>Sociological aspects of young and middle adulthood --<br/>Sexual orientation --<br/>Part IV. Later adulthood --<br/>Biological aspects of later adulthood --<br/>Psychological aspects of later adulthood --<br/>Sociological aspects of later adulthood. |
| 650 ## - SUBJECTS | |
| Topical Term | Social psychology. |
| 650 ## - SUBJECTS | |
| Topical Term | Behavioral assessment. |
| 650 ## - SUBJECTS | |
| Topical Term | Developmental psychology. |
| 700 ## - OTHER AUTHORS | |
| Personal name | Charles Zastrow; |
| 710 ## - OTHER AUTHORS | |
| OTHER AUTHORS | Karen Kay Kirst-Ashman |
| 942 ## - ADDED ENTRY ELEMENTS (KOHA) | |
| Koha item type | Books |
| Withdrawn status | Lost status | Collection code | Home library | Current library | Shelving location | Date acquired | Full call number | Accession Number | Copy number | Koha item type |
|---|---|---|---|---|---|---|---|---|---|---|
| Reference | Methodist University Library Main | Methodist University Library Main | General Stacks | HM1033 .Za5 | 4035 | 1 | Books |